MDQL
is popping MORE tags! Check the
thread
!
Quizzes
Events
Quiz Creation
Community
Videos
Private Events
Remove Ads
Sign In
Join for FREE
Feedback
Dark Mode
Quiz Categories
Sports
Geography
Music
Movies
Television
Just For Fun
Miscellaneous
History
Literature
Language
Science
Gaming
Entertainment
Religion
Holiday
For Kids
Quiz Lab
Recent
Popular Today
Quiz Kudos Today
Editor Picks
Curator Picks
Quizzes by...
Day
Popularity
Type
Ratings
Length
Year
Community
Subscriptions
Recent Discussions
Orange Saloon
Badges
Playlists
Quests
Create
Leaderboards
Showdown
Live 5
Trivia Bingo
Activity
Puzzle Library
Sporcle Events
Private Events
Virtual Trivia
Globe League
Become a Host
Pub Owners
SporcleCon
Opinionation
Our Games
Videos
Blog
Mobile Apps
Partnerships
Remove Ads and Go Orange
Feedback
History
US Presidents
World Leaders
Politics
Nation
Discovery
War
Decade
Year
Century
Biography
Art
History
US Presidents
World Leaders
Politics
Nation
Discovery
War
Decade
Year
Century
Biography
Art
Random Quiz
Search Sporcle
×
Quiz Lab
Quiz Lab
History
miranda
Type in answers that appear in a list
Type in answers that appear in a list
Classic
Best Score? Go Orange.
Miranda Cases Stats
Can you name the Miranda Cases?
By
The_Show
10m
28 Questions
12 Plays
12 Plays
12 Plays
Comments
Comments
Give Quiz Kudos
Give Quiz Kudos
-
- Ratings
hide this ad
Replay
Link that replays current quiz
Next Quiz
Link to next quiz in quiz playlist
You Got
0%
They Got
Avg Score
75%
Avg Friend Score
Upgrade to see
Score Distribution
Jump to the score distribution portion of the page
Score
0/28
Timer
10:00
0
Plays Today
Hint
Answer
% Correct
6A Right to OCunsel ER
venturs
100%
Impeachment Exception
venturs
100%
Initial Appearance and Preliminary Hearing
rothgeny
100%
Deliberate Elicitation of Statements
henry
100%
Waiver
patterson
100%
Assertion
montejo
100%
5A and 6A intersection
mcneil
100%
Offense Specific
cobb
100%
Landmark Case
massiah
100%
Custody
berkemer
91.7%
Interrogation
innis
91.7%
Coercive Atmosphere
perkins
91.7%
Waiver
spring
91.7%
Custody
howes
83.3%
Hint
Answer
% Correct
Invoke Right to Remain Silent
mosely
83.3%
Invoke Right to Counsel
edwards
83.3%
Invoke Right to Counsel 'Crime'
edward
83.3%
Invoke Right to Counsel Break in Custody
shatzer
83.3%
Invoke Right to Counsel 'unambiguous
davis
83.3%
The 'Miranda Warning'
prysock
75%
The 'Miranda Warning'
powell
75%
Implied Waiver
thompkins
75%
Invoke Right to Counsel 'Made Available'
minic
75%
'initiate questions'
bradshaw
75%
X sue under §1983
chavez
75%
X FPT
pantane
75%
Impeachment exception
harris
75%
Public Safety Exception
quarles
75%
Quiz Playlist
Details
Report
Send in Message
Add To Playlist
Classic:
Type in answers that appear in a list
Last Updated: Feb 16, 2017
Quiz Scoreboard
CHALLENGE
Sign Up to Join the Scoreboard
Show All
Scores
Hide
Comments
May contain spoilers
Recently Published
Colored Red Africa Blitz
by spor1
Geography
30s
Find the 'City' Movie
by crazypaving
Movies
60s
5x2 Blitz: Bands
by SL_Kpop136
Music
30s
More to Explore
Quiz From the Vault
Featured Blog Post
14 Easter Pick-up Lines to Find Eggs With
hide this ad
You Might Also Like...
Tags
case
miranda
Today's Top Quizzes in History
Browse History
hide this ad
Today's Top Quizzes in miranda
Browse miranda
Top Contributed Quizzes in History
1
I Am Born On March 29th
2
Order Up: 1000 Years of World Events I
3
Popular People in 1951
4
US National Parks Named After People
5
Popular People in 1991
6
Popular People in 1941
7
Popular People in 1981
8
Popular People in 1921
9
Popular People in 1986
10
Popular People in 1976
Explore More
Trending Topics
Harry Potter
Anime
Disney
Kpop
NBA
Crossword
Marvel
Puzzle
Pokémon
Song
WWE
NFL
Soccer
The Office
Country
hide this ad
More By:
The_Show
Quiz
Plays
Rating
Category
Featured
Created
Criminal Procedure Cases
49
History
Apr 23, 2015
Miranda Cases
12
History
Apr 23, 2015
Go to Creator's Profile
Score Distribution
Quiz Creator Spotlight
The_Show
Follow
Send a Message
Quizzes Created
-
Created Quiz Play Count
-
More By This Creator
Popular Quizzes Today
1
Colored Red Africa Blitz
2
Find the US States - No Outlines Minefield
3
Find the 'City' Movie
4
5x2 Blitz: Bands
5
The Countries of the World
6
Find the US States
7
Find the Countries of Europe - No Outlines Minefield
8
US States
More History Quizzes
On This Day: August 14th II
Published
Trending Quizzes
Colored Red Europe Blitz I
Colored Red Europe Blitz II
Colored Red Africa Blitz II
Colored Red Europe Blitz III
Colored Red Africa Blitz III
Recently Updated
How Do You Spell That?
pecheneg
Godzilla Movies
pecheneg
Grab Bag: 4-10 Letters
pecheneg
2024 March Madness Bracket
pecheneg
Famous TV Couples
Peacemaker
Champions League XIs: Real Madrid
pecheneg
Largest US Cities 1790-2010
pecheneg
Rides in Walt Disney World
pecheneg
Most Oscar Losses (Acting)
pecheneg
Beyoncé Albums
pecheneg
Trending Topics
Anime
Marvel
Crossword
NBA
Harry Potter
Disney
Kpop
NFL
WWE
Pokémon
Puzzle
Country
The Office
Song
Soccer
Your Account Isn't Verified!
In order to create a playlist on Sporcle, you need to verify the email address you used during registration. Go to your
Sporcle Settings
to finish the process.
Report this User
Report this user for behavior that violates our
Community Guidelines
.
Details:
Send Report
Go to the Sporcle.com Mobile Site →
Comments